000 01102nam a22002537a 4500
003 BD-DhSAU
005 20190805113100.0
008 160823b2014 bg ||||| |||| 001 0 eng d
040 _aBD-DhSAU
082 _222
_a630.715
_bAk79
100 _aAkter, Masuda
_eRegistration # 08-02760
245 _aStagewise use of mass media in adoption of BRRIdhan28 by the farmers of gazaria upazila under Munshiganj district /
_bMS thesis
260 _aSher-e-Bangla Agricultural University :
_bDepartment of Agricultural Extension & Information System,
_c2014
300 _a630.715
_bill. ;
_c30 cm.
500 _aMS thesis of Department of Agricultural Extension & Information System, Faculty of Agriculture, Sher-e-Bangla Agricultural University, Dhaka, Bangladesh
590 _aMd. Sirajul Islam
650 _aExtension
650 _aBRRIdhan28
650 _aFarmers
700 _aBhuiyan, Mohammad Hossain
_eSupervisor
700 _aHossain, Kh. Zulifikar
_qCo-Supervisor
856 _uhttp://archive.saulibrary.edu.bd:8080/xmlui/handle/123456789/2555
_yOnline Access
942 _2ddc
_cTHESIS
999 _c13508
_d13507